[Event "Benidorm op-A"]
[Site "Benidorm"]
[Date "2023.11.02"]
[Round "6"]
[White "Daksh, Jain"]
[Black "Gonzalez Aguirre, Luis"]
[Result "1-0"]
[WhiteElo "1735"]
[BlackElo "2008"]
[PlyCount "89"]
[EventDate "2023.10.29"]
[EventType "swiss"]
[EventRounds "9"]
[EventCountry "ESP"]
[SourceTitle "Mega2024 Update 01"]
[Source "Chessbase"]
[SourceDate "2023.11.12"]
[SourceVersion "1"]
[SourceVersionDate "2023.11.12"]
[SourceQuality "1"]

1. e4 d5 2. exd5 Qxd5 3. Nf3 Nc6 4. d4 Bg4 5. Be2 0-0-0 6. Be3 e6 7. 0-0 Nf6 8. c4 Qd7 9. Nbd2 Bb4 10. Nb3 Bd6 11. Qd2 h6 12. a3 g5 13. Na5 Ne4 14. Qe1 f6 15. Nxc6 Qxc6 16. d5 exd5 17. Nd4 Qd7 18. f3 c5 19. Nb3 d4 20. Bc1 Rhe8 21. fxe4 Rxe4 22. Bxg4 Qxg4 23. Qf2 Bxh2+ 24. Kxh2 Qh5+ 25. Kg1 Rh4 26. Qf5+ Kb8 27. Bf4+ gxf4 28. Qxh5 Rxh5 29. Rxf4 Re8 30. Rxf6 Re3 31. Rf3 Re2 32. Rf2 Re3 33. Nd2 Rhe5 34. Raf1 a6 35. Rf5 b5 36. Rf6 Re2 37. Nf3 R5e4 38. cxb5 axb5 39. Rb6+ Kc7 40. Rxb5 Kc6 41. a4 c4 42. Rf2 R2e3 43. Rd2 d3 44. Rh5 Re2 45. Rxe2 1-0

[Event "Benidorm op-A"]
[Site "Benidorm"]
[Date "2023.11.01"]
[Round "4"]
[White "Daksh, Jain"]
[Black "Fernandez Vazquez, Jorge"]
[Result "1/2-1/2"]
[WhiteElo "1735"]
[BlackElo "1970"]
[PlyCount "169"]
[EventDate "2023.10.29"]
[EventType "swiss"]
[EventRounds "9"]
[EventCountry "ESP"]
[SourceTitle "Mega2024 Update 01"]
[Source "Chessbase"]
[SourceDate "2023.11.12"]
[SourceVersion "1"]
[SourceVersionDate "2023.11.12"]
[SourceQuality "1"]

1. e4 c6 2. d4 d5 3. f3 e6 4. Nc3 Bb4 5. Nge2 Nf6 6. a3 Ba5 7. b4 Bc7 8. e5 Nfd7 9. Be3 0-0 10. f4 f6 11. Nc1 fxe5 12. fxe5 Nxe5 13. dxe5 Bxe5 14. N1e2 Qf6 15. Qd2 Nd7 16. Bd4 Bxd4 17. Nxd4 a5 18. bxa5 Rxa5 19. Nb3 Ra8 20. Bd3 e5 21. Rf1 Qh4+ 22. g3 Rxf1+ 23. Kxf1 Qe7 24. Kg2 e4 25. Be2 Nf6 26. a4 Bf5 27. Nd4 Bg6 28. Qg5 Qb4 29. Qd2 e3 30. Qxe3 Re8 31. Rb1 Qa5 32. Nb3 Rxe3 33. Nxa5 Rxc3 34. Rxb7 Bxc2 35. Rb4 c5 36. Rb8+ Kf7 37. Bb5 Be4+ 38. Kf2 d4 39. Nc4 Rc2+ 40. Ke1 Bd5 41. Ne5+ Ke6 42. Nd3 Bf3 43. Nf4+ Ke7 44. Bd3 Rc3 45. Kd2 c4 46. Bc2 Ra3 47. Rb4 g5 48. Rxc4 gxf4 49. Rxd4 fxg3 50. hxg3 Bg4 51. Bxh7 Rxg3 52. Bd3 Be6 53. a5 Bd5 54. a6 Rg8 55. Ra4 Ra8 56. Ke3 Bc6 57. Ra1 Kd6 58. Kd4 Nd7 59. Rf1 Ra7 60. Rf7 Ra8 61. Rf1 Nc5 62. Bc4 Ne6+ 63. Kc3 Nc7 64. Ra1 Nb5+ 65. Bxb5 Bxb5 66. a7 Kc5 67. Ra5 Kb6 68. Kb4 Ba6 69. Rh5 Kxa7 70. Rh7+ Bb7 71. Kb5 Rg8 72. Rc7 Rg6 73. Re7 Rg5+ 74. Kc4 Kb6 75. Kd4 Rd5+ 76. Kc4 Rd6 77. Re3 Ba6+ 78. Kb4 Rd4+ 79. Kc3 Rc4+ 80. Kb3 Rc6 81. Rc3 Rd6 82. Rg3 Bc8 83. Kb4 Be6 84. Re3 Kc6 85. Rc3+ 1/2-1/2

[Event "Benidorm op-A"]
[Site "Benidorm"]
[Date "2023.10.31"]
[Round "3"]
[White "Uran Bermudez, Oliver Kevin"]
[Black "Daksh, Jain"]
[Result "1-0"]
[WhiteElo "2083"]
[BlackElo "1735"]
[PlyCount "45"]
[EventDate "2023.10.29"]
[EventType "swiss"]
[EventRounds "9"]
[EventCountry "ESP"]
[SourceTitle "Mega2024 Update 01"]
[Source "Chessbase"]
[SourceDate "2023.11.12"]
[SourceVersion "1"]
[SourceVersionDate "2023.11.12"]
[SourceQuality "1"]

1. d4 Nf6 2. Nf3 g6 3. Nc3 d5 4. Bf4 Bg7 5. Qd2 Ne4 6. Nxe4 dxe4 7. Ne5 0-0 8. 0-0-0 Qd5 9. Qc3 Qxa2 10. e3 Be6 11. Bc4 Bxc4 12. Qxc4 Qa5 13. h4 e6 14. h5 Qd5 15. hxg6 hxg6 16. Qxc7 Na6 17. Qe7 Rac8 18. Qh4 Rxc2+ 19. Kxc2 Rc8+ 20. Kd2 Qa5+ 21. Ke2 Qb5+ 22. Ke1 Rc2 23. Qd8+ 1-0

[Event "Benidorm op-A"]
[Site "Benidorm"]
[Date "2023.10.30"]
[Round "2"]
[White "Daksh, Jain"]
[Black "Hercegovac, Neven"]
[Result "0-1"]
[WhiteElo "1735"]
[BlackElo "2207"]
[PlyCount "54"]
[EventDate "2023.10.29"]
[EventType "swiss"]
[EventRounds "9"]
[EventCountry "ESP"]
[SourceTitle "Mega2024 Update 01"]
[Source "Chessbase"]
[SourceDate "2023.11.12"]
[SourceVersion "1"]
[SourceVersionDate "2023.11.12"]
[SourceQuality "1"]

1. e4 c5 2. c3 d5 3. exd5 Qxd5 4. d4 Nf6 5. Nf3 e6 6. Bd3 Be7 7. 0-0 0-0 8. Be3 Rd8 9. Qe2 cxd4 10. cxd4 Nc6 11. Nc3 Qh5 12. a3 b6 13. Qc2 Bb7 14. h3 Rac8 15. Be2 Nd5 16. Bd2 Nxc3 17. bxc3 Qd5 18. c4 Nxd4 19. Qd1 Nxe2+ 20. Qxe2 Qxc4 21. Qxc4 Rxc4 22. Bb4 Bf6 23. Rad1 Rxd1 24. Rxd1 Bxf3 25. gxf3 h6 26. Rd7 a5 27. Bd2 Rd4 0-1